000 00767nam a22002177a 4500
003 UA-OsUOA
001 105549
007 ta
008 20140312b un ||||| |||| 00| 0 ukr d
100 _aІващенко Н.
090 _a82
_bИ99
942 _cSA
040 _aUA-OsUOA
_bukr
_cUA-OsUOA
_dUA-OsUOA
245 _aПерекладознавство на уроках української літератури (на прикладі творчості Лесі Українки)
300 _aС.15-19
955 _a0
041 _aukr
080 _a82
773 0 _w105548
_tУкраїнська література в загальноосвітній школі
_dК.
_d2014
_g2
650 7 _a82 Література. Літературознавство
_2UDC
999 _c391856
_d391856